Movies Quiz

Random Movies or Director Quiz

Stephen King Movies Quiz Stats

 Plays Quiz Updated Feb 18, 2020

Support Sporcle.
Go Orange.
Score 0/52 Timer 10:00
0 Plays Today
Year Movie % Correct
1980The Shining
92.6%
1976Carrie
91.2%
2013Carrie
90.1%
2017It
87.1%
1990Misery
78.1%
1994The Shawshank Redemption
70.9%
1999The Green Mile
69.4%
1983Cujo
66.1%
2018Pet Sematary
64.7%
2019Doctor Sleep
58.4%
1986Stand By Me
58.1%
2017The Dark Tower
57.5%
1983Christine
56.5%
1984Firestarter
54.2%
2019It Chapter Two
52.3%
1987The Running Man
48.9%
1989Pet Sematary
48.1%
1983The Dead Zone
47.2%
2007The Mist
40.2%
2004Secret Window
38.8%
2017Gerald's Game
37.7%
1995Dolores Claiborne
37.6%
1996Thinner
37.5%
1993Needful Things
36%
20071408
32.6%
2003Dreamcatcher
32.3%
Year Movie % Correct
1986Maximum Overdrive
32.1%
2016Cell
31.9%
1998Apt Pupil
28.7%
2001Hearts in Atlantis
28.6%
1982Creepshow
27.7%
1984Children of the Corn
27.7%
1993The Dark Half
26.7%
20171922
26.7%
1985Cat's Eye
25.9%
1985Silver Bullet
25.1%
2019In the Tall Grass
22.8%
1992Sleepwalkers
17%
1987Creepshow 2
15.5%
1995The Mangler
14.6%
1990Graveyard Shift
13.7%
2014A Good Marriage
12.1%
1997Night Flier
10.5%
1992Children of the Corn II: The Final Sacrifice
10.2%
1995Children of the Corn III: Urban Harvest
9.6%
2004Riding the Bullet
8.9%
2009Dolan's Cadillac
8.8%
1990Tales From The Dark Side
8.7%
2014Mercy
7.4%
2009Everything's Eventual
3.2%
2010Grey Matter
2.7%
2012Willa
2.6%

You're not logged in!

Compare scores with friends on all Sporcle quizzes.
OR
Log In

From the Vault

Big Geography

by pishposh5

It's so big that if you laid 1 million hot dogs end to end, you would be left with a lot of rotting hot dogs and probably a bunch of pigeons too.
Remove Ads.
Support Sporcle.
Get the best of Sporcle when you Go Orange. This ad-free experience offers more features, more stats, and more fun while also helping to support Sporcle. Thank you for becoming a member.

Show Comments

Extras

Top Quizzes Today


Score Distribution

Your Account Isn't Verified!

In order to create a playlist on Sporcle, you need to verify the email address you used during registration. Go to your Sporcle Settings to finish the process.

Report this User

Report this user for behavior that violates our Community Guidelines.

Details: